Mass media laws and regulations / (Record no. 126282)

MARC details
000 -LEADER
fixed length control field 00792nam a22002297a 4500
005 - DATE AND TIME OF LATEST TRANSACTION
control field 20170124110007.0
010 ## - LIBRARY OF CONGRESS CONTROL NUMBER
LC control number B-088155
020 ## - INTERNATIONAL STANDARD BOOK NUMBER
Terms of availability 00.00
035 ## - SYSTEM CONTROL NUMBER
System control number B-088155
037 ## - SOURCE OF ACQUISITION
Source of stock number/acquisition Cen Lib/Ret
040 ## - CATALOGING SOURCE
Original cataloging agency DPL
Language of cataloging EN
082 ## - DEWEY DECIMAL CLASSIFICATION NUMBER
Classification number 343.54099
Item number RAY
100 ## - MAIN ENTRY--PERSONAL NAME
Personal name Rayudu, C.S.
9 (RLIN) 81240
245 ## - TITLE STATEMENT
Title Mass media laws and regulations /
Statement of responsibility, etc by C.S. Rayudu [and] S.B. Nageswara Rao
260 ## - PUBLICATION, DISTRIBUTION, ETC. (IMPRINT)
Name of publisher, distributor, etc Himalaya Publishing House
Date of publication, distribution, etc 2005
Place of publication, distribution, etc New Delhi
270 ## - ADDRESS
City New Delhi
Address 4-B, Pooja Apartments, Murari Lal Street, Ansari Road, Daryaganj
Postal code 110002
300 ## - PHYSICAL DESCRIPTION
Extent 203p. :
Dimensions 18cm(Hb)
650 ## - SUBJECT ADDED ENTRY--TOPICAL TERM
Topical term or geographic name as entry element Mass media -- Law and legislation.
9 (RLIN) 17134
650 ## - SUBJECT ADDED ENTRY--TOPICAL TERM
Topical term or geographic name as entry element Mass media -- Law and legislation -- India.
9 (RLIN) 17135
700 ## - ADDED ENTRY--PERSONAL NAME
Personal name Rao, S.B. Nageswara
9 (RLIN) 17136
942 ## - ADDED ENTRY ELEMENTS (KOHA)
Source of classification or shelving scheme Dewey Decimal Classification
Koha item type English Books
Classification part 343.54099
Call number suffix RAY
Holdings
Withdrawn status Lost status Damaged status Not for loan Home library Current library Date acquired Source of acquisition Cost, normal purchase price Total Checkouts Total Renewals Full call number Barcode Date last seen Date checked out Copy number Cost, replacement price Price effective from Koha item type
        Central Library Central Library 25/06/2015 Cen Lib/Ret 0.00 1 2 343.54099 RAY B-088155 23/12/2022 11/11/2022 1 0.00 25/06/2015 English Books

© Delhi Public Library
Hit Counter
free hit counter